Psychology and the prevention of nuclear war : a book of readings /

Bibliographic Details
Other Authors: White, Ralph K.
Format: Book
Language:English
Published: New York : New York University Press, 1986.
Subjects:

MARC

Tag First Indicator Second Indicator Subfields
LEADER 00000pam a2200000 a 4500
001 in00000400921
005 20151012052152.0
008 850627s1986 nyu b 00100 eng
010 |a  85015520  
020 |a 0814792030 (alk. paper) :  |c $35.00 
020 |a 0814792049 (pbk.) :  |c $18.00 
035 |a (OCoLC)12286747 
035 |9 ABT9296AM 
039 0 |a 2  |b 3  |c 3  |d 3  |e 3 
040 |a DLC  |c DLC  |d TXA  |d UtOrBLW 
049 |a TXAM  |c [A09390310] 
050 0 0 |a U263  |b .P78 1986 
082 0 |a 155.9/35  |2 19 
245 0 0 |a Psychology and the prevention of nuclear war :  |b a book of readings /  |c edited by Ralph K. White. 
264 1 |a New York :  |b New York University Press,  |c 1986. 
300 |a xxvi, 591 pages ;  |c 24 cm. 
336 |a text  |b txt  |2 rdacontent 
337 |a unmediated  |b n  |2 rdamedia 
338 |a volume  |b nc  |2 rdacarrier 
500 |a Includes indexes. 
504 |a Bibliography: pages [569]-571. 
650 0 |a Nuclear warfare  |x Psychological aspects. 
650 0 |a Nuclear warfare  |x Study and teaching. 
650 0 |a Antinuclear movement. 
700 1 |a White, Ralph K. 
999 |a MARS 
999 f f |s 8a089f10-786d-3632-9889-e00e6dfc43ed  |i bfb04364-a4d1-3c3f-a7dc-3e8c36543951  |t 0 
952 f f |p ric  |a Texas A&M University  |b Rellis Campus  |c Joint Library Facility  |d Remote Storage  |t 0  |e U263 .P78 1986  |h Library of Congress classification  |i unmediated -- volume  |m A14809390310 
998 f f |a U263 .P78 1986  |t 0  |l Remote Storage